|
|
|
|
| LEADER |
00617nam a22001691a 4500 |
| 020 |
|
|
|a 9780415913003
|
| 082 |
|
|
|a 306.43
|b CAM/U
|
| 100 |
|
|
|a Cameron McCarthy
|9 133506
|
| 245 |
|
|
|a The Uses of Culture:
|b Education and the limits of Ethnic Affiliation/
|c by Cameron McCarthy
|
| 260 |
|
|
|a New York:
|b Routledge,
|c 1998.
|
| 300 |
|
|
|a 180p.
|
| 650 |
|
|
|a Educational Sociology
|9 133507
|
| 650 |
|
|
|a Culture
|9 133508
|
| 650 |
|
|
|a Social Sciences
|9 133509
|
| 942 |
|
|
|c BK
|
| 999 |
|
|
|c 48448
|d 48448
|
| 952 |
|
|
|0 0
|1 0
|4 0
|6 306_430000000000000_CAM_U
|7 0
|9 70130
|a SSUS
|b SSUS
|d 2015-01-08
|g 0.00
|o 306.43 CAM/U
|p 028777
|r 2015-01-08
|v 0.00
|w 2015-01-08
|y BK
|